[Event "COL-ch Students"]
[Site "Popayan"]
[Date "2024.05.03"]
[Round "4"]
[White "Andrade Obando, Joyver Ricardo"]
[Black "Montoya Campo, Luis Javier"]
[Result "1-0"]
[WhiteElo "1709"]
[BlackElo "1600"]
[PlyCount "109"]
[EventDate "2024.05.02"]
[EventType "swiss"]
[EventRounds "7"]
[EventCountry "COL"]
[SourceTitle "CBM 220 Extra"]
[Source "ChessBase"]
[SourceDate "2024.07.31"]
[SourceVersion "1"]
[SourceVersionDate "2024.07.31"]
[SourceQuality "1"]

1. d4 d5 2. Bf4 Nf6 3. e3 Bf5 4. c4 c6 5. Qb3 Qc8 6. Nc3 e6 7. Nf3 Nbd7 8. Rc1 Be7 9. Be2 0-0 10. 0-0 Nh5 11. cxd5 Nxf4 12. exf4 c5 13. dxc5 Nxc5 14. Qd1 Rd8 15. b4 Na6 16. Bxa6 bxa6 17. Qb3 Rb8 18. a3 Qb7 19. Nd4 Rbc8 20. Nxf5 exf5 21. Rcd1 a5 22. b5 a6 23. a4 Rb8 24. Rd3 Bb4 25. bxa6 Qxa6 26. Nb5 Rxb5 27. axb5 Qxb5 28. Rfd1 a4 29. Qa2 a3 30. d6 Bc5 31. d7 Qb2 32. Qxb2 axb2 33. Rb3 Kf8 34. Rxb2 Ke7 35. Re2+ Kf8 36. g3 Be7 37. Kg2 f6 38. Kh3 Kf7 39. f3 g6 40. g4 Bf8 41. Kg3 Bg7 42. h4 Bh6 43. g5 Bg7 44. Rd3 h6 45. Kf2 Bf8 46. Ke1 Bg7 47. Kd2 Bf8 48. Kc3 Ba3 49. gxh6 Bf8 50. h7 Bg7 51. Kc4 g5 52. fxg5 fxg5 53. hxg5 Rh8 54. d8Q Rxh7 55. Qe8# 1-0